The passion for souls. (Record no. 10703)

000 -LEADER
fixed length control field 00592nam a2200193 a 4500
001 - CONTROL NUMBER
control field :::00008494$&:&@@
003 - CONTROL NUMBER IDENTIFIER
control field OkBaRHE
005 - DATE AND TIME OF LATEST TRANSACTION
control field 20000607103344.0
008 - FIXED-LENGTH DATA ELEMENTS--GENERAL INFORMATION
fixed length control field s1986 j 000 0 eng u
040 ## - CATALOGING SOURCE
Transcribing agency
100 1# - MAIN ENTRY--PERSONAL NAME
Personal name Smith, Oswald Jeffrey, 1889-
245 14 - TITLE STATEMENT
Title The passion for souls.
260 ## - PUBLICATION, DISTRIBUTION, ETC. (IMPRINT)
Place of publication, distribution, etc Rockford, IL., :
Name of publisher, distributor, etc Crossroads Christian Communications Inc.
Date of publication, distribution, etc 1986
300 ## - PHYSICAL DESCRIPTION
Extent 128 p. ;
Dimensions 24 cm.
650 ## - SUBJECT ADDED ENTRY--TOPICAL TERM
Topical term or geographic name as entry element Evangelism
650 ## - SUBJECT ADDED ENTRY--TOPICAL TERM
Topical term or geographic name as entry element Evangelistic Work
942 ## - ADDED ENTRY ELEMENTS (KOHA)
Source of classification or shelving scheme
Koha item type Books
Copies
Full call number Shelving location Date acquired Withdrawn status Lost status Permanent Location Koha item type Date last seen Damaged status Copy number Price effective from Source of classification or shelving scheme Barcode Not for loan
BV 3790 .S65General Stacks2010-04-14  RHEMA Bible Training CollegeBooks2010-04-14 12010-04-14 8494